000 00416nam a2200169 a 4500
001 9649
005 20180713193649.0
008 140415s1979 000 0 spa d
041 _aspa
082 _a810
_bSTI
100 1 _aSTICKTER, JIM
245 1 3 _aEL HOMBRE DE LA O. P.
260 _a[s.l.] :
_bDIANA,
_c1979
300 _a366
650 1 4 _aNOVELA
700 1 _aALVAREZ FRANCO, MARGARITA
_etr.
999 _c9649
_d9649